[Event "20 ans"]
[Site "?"]
[Date "2016.10.22"]
[Round "6.2"]
[White "Moiseenko, Alexander"]
[Black "Korobov, Anton"]
[Result "1/2-1/2"]
[BlackElo "2687"]
[WhiteElo "2648"]
[LiveChessVersion "1.4.6"]

1. d4 {[%clk 1:30:57]} Nf6 {[%clk 1:30:50]} 2. c4 {[%clk 1:31:22]} e6
{[%clk 1:31:09]} 3. Nf3 {[%clk 1:31:46]} b6 {[%clk 1:31:28]} 4. g3
{[%clk 1:26:44]} Bb7 {[%clk 1:30:53]} 5. Bg2 {[%clk 1:27:10]} Be7
{[%clk 1:31:02]} 6. Nc3 {[%clk 1:26:50]} Ne4 {[%clk 1:30:57]} 7. Bd2
{[%clk 1:26:50]} O-O {[%clk 1:31:09]} 8. O-O {[%clk 1:26:22]} d5 {[%clk 1:28:38]}
9. cxd5 {[%clk 1:21:45]} exd5 {[%clk 1:29:01]} 10. Bf4 {[%clk 1:22:06]} Nd7
{[%clk 1:28:24]} 11. Qa4 {[%clk 1:18:27]} Nxc3 {[%clk 1:25:22]} 12. bxc3
{[%clk 1:18:54]} c5 {[%clk 1:25:34]} 13. Rfd1 {[%clk 1:18:12]} Nf6
{[%clk 1:24:26]} 14. Qc2 {[%clk 1:17:42]} Rc8 {[%clk 1:21:54]} 15. Bh3
{[%clk 1:12:16]} Rc6 {[%clk 1:22:08]} 16. Rac1 {[%clk 1:12:28]} Bd6
{[%clk 1:20:04]} 17. e3 {[%clk 1:11:44]} Rc7 {[%clk 1:19:56]} 18. Bg2
{[%clk 1:11:14]} Bxf4 {[%clk 1:18:23]} 19. exf4 {[%clk 1:10:20]} Qc8
{[%clk 1:18:04]} 20. dxc5 {[%clk 1:09:35]} Rxc5 {[%clk 1:13:37]} 21. Ne5
{[%clk 1:09:28]} Qc7 {[%clk 1:13:12]} 22. Nd3 {[%clk 1:09:11]} Rc4
{[%clk 1:13:04]} 23. Ne5 {[%clk 1:09:15]} Rc5 {[%clk 1:13:17]} 24. Nd3
{[%clk 1:09:30]} Rc4 {[%clk 1:13:28]} 25. Ne5 {[%clk 1:09:50]} Rc5
{[%clk 1:13:51]} 26. Nd3 {[%clk 1:10:06]} 1/2-1/2

[Event "20 ans"]
[Site "?"]
[Date "2016.10.22"]
[Round "6.3"]
[White "Delorme, Axel"]
[Black "Gharamian, Tigran"]
[Result "1/2-1/2"]
[BlackElo "2626"]
[WhiteElo "2513"]
[LiveChessVersion "1.4.6"]

1. d4 {[%clk 1:30:57]} Nf6 {[%clk 1:30:37]} 2. Nf3 {[%clk 1:31:22]} d5
{[%clk 1:30:38]} 3. c4 {[%clk 1:31:47]} e6 {[%clk 1:31:02]} 4. g3
{[%clk 1:32:02]} Be7 {[%clk 1:31:24]} 5. Bg2 {[%clk 1:32:26]} O-O
{[%clk 1:31:36]} 6. O-O {[%clk 1:32:42]} dxc4 {[%clk 1:32:00]} 7. Qc2
{[%clk 1:32:47]} a6 {[%clk 1:32:21]} 8. a4 {[%clk 1:31:53]} Bd7 {[%clk 1:32:19]}
9. Ne5 {[%clk 1:31:43]} Bc6 {[%clk 1:31:58]} 10. Nxc6 {[%clk 1:31:40]} Nxc6
{[%clk 1:32:22]} 11. e3 {[%clk 1:31:32]} Na5 {[%clk 1:32:23]} 12. Nd2
{[%clk 1:31:08]} c5 {[%clk 1:31:22]} 13. dxc5 {[%clk 1:30:25]} Rc8
{[%clk 1:30:24]} 14. b4 {[%clk 1:30:22]} cxb3 {[%clk 1:30:47]} 15. Nxb3
{[%clk 1:30:45]} Nxb3 {[%clk 1:27:58]} 16. Qxb3 {[%clk 1:30:59]} Nd7
{[%clk 1:28:12]} 17. Ba3 {[%clk 1:30:39]} Nxc5 {[%clk 1:28:36]} 18. Bxc5
{[%clk 1:31:04]} Rxc5 {[%clk 1:25:52]} 19. Qxb7 {[%clk 1:31:16]} a5
{[%clk 1:26:08]} 20. Rfd1 {[%clk 1:30:37]} Qc7 {[%clk 1:26:31]} 21. Qxc7
{[%clk 1:30:52]} Rxc7 {[%clk 1:26:57]} 22. Rac1 {[%clk 1:31:02]} Rfc8
{[%clk 1:26:50]} 23. Rxc7 {[%clk 1:30:16]} Rxc7 {[%clk 1:27:16]} 24. Bf1
{[%clk 1:30:13]} g6 {[%clk 1:27:40]} 25. Bb5 {[%clk 1:30:32]} Kg7
{[%clk 1:27:57]} 26. Rd7 {[%clk 1:29:16]} Rxd7 {[%clk 1:28:22]} 27. Bxd7
{[%clk 1:29:43]} Bb4 28. f4 {[%clk 1:29:51]} h5 {[%clk 1:28:30]} 29. Kf2
{[%clk 1:30:11]} Kf8 {[%clk 1:28:52]} 30. Kf3 {[%clk 1:30:34]} Ke7
{[%clk 1:29:13]} 31. Bb5 {[%clk 1:31:01]} Bc5 {[%clk 1:29:11]} 32. h3
{[%clk 1:31:18]} Bb6 {[%clk 1:29:28]} 33. g4 {[%clk 1:31:36]} hxg4+
{[%clk 1:29:54]} 34. hxg4 {[%clk 1:32:02]} f5 {[%clk 1:29:47]} 35. gxf5
{[%clk 1:32:26]} gxf5 {[%clk 1:30:14]} 36. e4 {[%clk 1:32:48]} fxe4+
{[%clk 1:30:38]} 37. Kxe4 {[%clk 1:33:12]} Bc7 {[%clk 1:31:03]} 38. f5
{[%clk 1:33:30]} exf5+ {[%clk 1:31:29]} 39. Kxf5 {[%clk 1:33:56]} Kd6
{[%clk 1:31:52]} 40. Ke4 {[%clk 1:34:21]} Kc5 {[%clk 1:32:15]} 41. Kd3
{[%clk 1:34:45]} Kb4 {[%clk 1:32:40]} 42. Ke4 {[%clk 1:35:10]} Kc5
{[%clk 1:32:59]} 43. Kd3 {[%clk 1:35:36]} Kb4 {[%clk 1:33:26]} 44. Ke4 1/2-1/2

[Event "20 ans"]
[Site "?"]
[Date "2016.10.22"]
[Round "6.4"]
[White "Andriasian, Zaven"]
[Black "Azarov, Sergei"]
[Result "1/2-1/2"]
[BlackElo "2577"]
[WhiteElo "2622"]
[LiveChessVersion "1.4.6"]

1. e4 {[%clk 1:30:56]} c5 {[%clk 1:30:49]} 2. Nf3 {[%clk 1:31:07]} Nc6
{[%clk 1:31:07]} 3. Bb5 {[%clk 1:31:07]} e6 {[%clk 1:31:03]} 4. O-O
{[%clk 1:31:10]} Nge7 {[%clk 1:31:11]} 5. c3 {[%clk 1:31:12]} a6 {[%clk 1:30:51]}
6. Ba4 {[%clk 1:31:34]} b5 {[%clk 1:31:05]} 7. Bc2 {[%clk 1:31:55]} Bb7
{[%clk 1:31:05]} 8. Qe2 {[%clk 1:29:34]} Ng6 {[%clk 1:30:15]} 9. d4
{[%clk 1:28:03]} cxd4 {[%clk 1:30:03]} 10. cxd4 {[%clk 1:22:16]} Rc8
{[%clk 1:29:50]} 11. Rd1 {[%clk 1:13:15]} Qc7 {[%clk 1:22:44]} 12. Nc3
{[%clk 1:07:49]} Be7 {[%clk 1:08:36]} 13. Be3 {[%clk 0:59:26]} Na5
{[%clk 1:07:08]} 14. Rac1 {[%clk 0:56:17]} Nc4 {[%clk 1:05:34]} 15. Bd3
{[%clk 0:52:13]} O-O {[%clk 1:04:02]} 16. e5 {[%clk 0:37:01]} Qa5
{[%clk 0:54:07]} 17. Bxc4 Rxc4 {[%clk 0:51:34]} 18. Nd2 {[%clk 0:33:50]} Rcc8
{[%clk 0:50:52]} 19. Nb3 {[%clk 0:32:57]} Qd8 {[%clk 0:50:02]} 20. f3
{[%clk 0:29:51]} d6 {[%clk 0:43:38]} 21. exd6 {[%clk 0:30:11]} Bxd6
{[%clk 0:36:47]} 22. Nc5 {[%clk 0:30:34]} Ba8 {[%clk 0:35:55]} 23. N3e4
{[%clk 0:28:01]} Rc6 {[%clk 0:18:18]} 24. Nxd6 {[%clk 0:28:05]} Rxd6
{[%clk 0:18:05]} 25. Ne4 {[%clk 0:28:03]} Rd7 {[%clk 0:17:54]} 26. Nc5
{[%clk 0:26:51]} Rd6 {[%clk 0:16:28]} 27. Ne4 {[%clk 0:27:16]} Rd7
{[%clk 0:16:51]} 28. Nc5 {[%clk 0:27:41]} 1/2-1/2

[Event "20 ans"]
[Site "?"]
[Date "2016.10.22"]
[Round "6.5"]
[White "Vocaturo, Daniele"]
[Black "Gledura, Benjamin"]
[Result "0-1"]
[BlackElo "2585"]
[WhiteElo "2600"]
[LiveChessVersion "1.4.6"]

1. d4 {[%clk 1:30:50]} Nf6 {[%clk 1:30:48]} 2. c4 {[%clk 1:31:01]} g6
{[%clk 1:31:04]} 3. f3 {[%clk 1:30:55]} Nh5 {[%clk 1:30:37]} 4. g4
{[%clk 1:22:02]} e5 {[%clk 1:30:32]} 5. Nh3 {[%clk 1:12:02]} Ng7 6. dxe5
{[%clk 0:52:28]} Nc6 {[%clk 1:27:53]} 7. Bf4 {[%clk 0:51:11]} Ne6
{[%clk 1:21:33]} 8. Bg3 {[%clk 0:50:55]} h5 {[%clk 1:18:59]} 9. gxh5
{[%clk 0:49:21]} Rxh5 {[%clk 1:18:09]} 10. f4 {[%clk 0:45:51]} d6
{[%clk 1:14:35]} 11. exd6 {[%clk 0:44:08]} Bxd6 {[%clk 1:03:15]} 12. Nc3
{[%clk 0:42:11]} Qf6 {[%clk 1:00:28]} 13. e3 {[%clk 0:30:09]} Bb4
{[%clk 0:54:57]} 14. Rc1 {[%clk 0:25:48]} Nc5 {[%clk 0:50:24]} 15. Nf2
{[%clk 0:25:11]} Bf5 {[%clk 0:50:03]} 16. Bg2 {[%clk 0:20:10]} Rd8
{[%clk 0:48:16]} 17. Qf3 {[%clk 0:20:34]} Bd3 {[%clk 0:40:56]} 18. Bf1
{[%clk 0:17:20]} Ne5 {[%clk 0:38:38]} 19. Qg2 {[%clk 0:14:40]} Bxf1
{[%clk 0:35:52]} 20. Kxf1 {[%clk 0:15:03]} Nxc4 {[%clk 0:35:15]} 21. Kg1
{[%clk 0:15:12]} Nxb2 {[%clk 0:30:09]} 22. Ng4 {[%clk 0:06:56]} Qe6
{[%clk 0:25:17]} 23. f5 {[%clk 0:04:53]} Rxf5 {[%clk 0:19:07]} 24. Nb5
{[%clk 0:05:07]} Na6 {[%clk 0:16:34]} 25. Nd4 {[%clk 0:01:58]} Rxd4
{[%clk 0:16:12]} 26. exd4 {[%clk 0:02:27]} Nd3 {[%clk 0:15:55]} 27. Rd1
{[%clk 0:02:46]} Nf4 {[%clk 0:15:17]} 28. Qxb7 {[%clk 0:02:56]} Qe2
{[%clk 0:12:51]} 29. Nf2 {[%clk 0:01:04]} Kf8 {[%clk 0:11:45]} 30. h4
{[%clk 0:00:54]} Nh5 {[%clk 0:09:29]} 31. Qc8+ {[%clk 0:00:44]} Kg7
{[%clk 0:09:49]} 32. Be5+ {[%clk 0:01:01]} Rxe5 {[%clk 0:08:20]} 33. dxe5
{[%clk 0:01:13]} Be1 {[%clk 0:08:06]} 34. Rxe1 {[%clk 0:00:56]} Qxe1+
{[%clk 0:08:35]} 35. Kg2 {[%clk 0:01:20]} Nf4+ {[%clk 0:08:36]} 36. Kf3
{[%clk 0:01:10]} Qe2+ {[%clk 0:08:55]} 37. Kxf4 {[%clk 0:01:34]} Qxf2+
{[%clk 0:09:19]} 38. Ke4 {[%clk 0:01:47]} Nc5+ {[%clk 0:08:46]} 39. Kd5
{[%clk 0:02:07]} Ne6 {[%clk 0:09:04]} 40. Kc4 {[%clk 0:01:00]} Qc5+
{[%clk 0:09:08]} 0-1

[Event "20 ans"]
[Site "?"]
[Date "2016.10.22"]
[Round "6.6"]
[White "Skomorokhin, Roman"]
[Black "Onischuk, Vladimir"]
[Result "1/2-1/2"]
[BlackElo "2602"]
[WhiteElo "2399"]
[LiveChessVersion "1.4.6"]

1. d4 {[%clk 1:30:51]} d6 {[%clk 1:30:47]} 2. Nf3 {[%clk 1:30:51]} g6
{[%clk 1:31:12]} 3. c4 {[%clk 1:29:57]} Bg7 {[%clk 1:31:33]} 4. Nc3
{[%clk 1:29:47]} Nc6 {[%clk 1:31:26]} 5. d5 {[%clk 1:26:02]} Ne5 {[%clk 1:31:52]}
6. Nxe5 {[%clk 1:18:57]} Bxe5 {[%clk 1:32:17]} 7. e4 {[%clk 1:18:23]} Nf6
{[%clk 1:32:36]} 8. Be2 {[%clk 1:14:07]} c6 {[%clk 1:23:41]} 9. O-O
{[%clk 1:09:42]} Qb6 {[%clk 1:12:31]} 10. Qc2 {[%clk 1:04:16]} cxd5
{[%clk 1:04:31]} 11. cxd5 {[%clk 1:03:38]} Bd7 {[%clk 0:55:10]} 12. Be3
{[%clk 0:49:50]} Bd4 {[%clk 0:45:38]} 13. Na4 {[%clk 0:48:19]} Qb4
{[%clk 0:44:01]} 14. a3 {[%clk 0:47:13]} Qxa4 {[%clk 0:38:05]} 15. Qxa4
{[%clk 0:44:08]} Bxa4 {[%clk 0:38:05]} 16. Bxd4 {[%clk 0:44:33]} O-O
{[%clk 0:33:31]} 17. f3 {[%clk 0:42:23]} Rfc8 {[%clk 0:33:29]} 18. Rac1
{[%clk 0:40:28]} Nd7 {[%clk 0:32:30]} 19. Kf2 {[%clk 0:38:29]} Nc5
{[%clk 0:28:51]} 20. Ke3 {[%clk 0:35:06]} Nb3 {[%clk 0:27:53]} 21. Rxc8+
{[%clk 0:31:55]} Rxc8 {[%clk 0:28:21]} 22. Bc3 {[%clk 0:30:17]} a6
{[%clk 0:27:32]} 23. g4 {[%clk 0:29:11]} f6 {[%clk 0:23:12]} 24. h4
{[%clk 0:27:53]} Bb5 {[%clk 0:23:11]} 25. Bxb5 {[%clk 0:26:08]} axb5
{[%clk 0:23:38]} 26. Rg1 {[%clk 0:17:50]} Rc4 {[%clk 0:22:16]} 27. g5
{[%clk 0:16:02]} Kf7 {[%clk 0:19:17]} 28. h5 {[%clk 0:11:27]} gxh5
{[%clk 0:17:25]} 29. gxf6 {[%clk 0:11:35]} exf6 {[%clk 0:17:53]} 30. Rh1
{[%clk 0:11:47]} Kg6 {[%clk 0:18:10]} 31. Rg1+ {[%clk 0:11:20]} Kf7
{[%clk 0:18:31]} 32. Rh1 {[%clk 0:10:25]} Kg6 {[%clk 0:18:57]} 33. Rg1+ Kf7
1/2-1/2

[Event "20 ans"]
[Site "?"]
[Date "2016.10.22"]
[Round "6.7"]
[White "Lagarde, Maxime"]
[Black "Kantans, Toms"]
[Result "1-0"]
[BlackElo "2476"]
[WhiteElo "2593"]
[LiveChessVersion "1.4.6"]

1. d4 {[%clk 1:29:53]} Nf6 {[%clk 1:30:50]} 2. c4 {[%clk 1:30:20]} g6
{[%clk 1:31:04]} 3. Nc3 {[%clk 1:30:44]} d5 {[%clk 1:31:28]} 4. Bg5
{[%clk 1:31:10]} Bg7 {[%clk 1:31:51]} 5. Bxf6 {[%clk 1:31:31]} Bxf6
{[%clk 1:32:14]} 6. cxd5 {[%clk 1:31:58]} c6 {[%clk 1:28:29]} 7. Rc1
{[%clk 1:31:58]} O-O {[%clk 1:28:42]} 8. e4 {[%clk 1:32:02]} Qb6 {[%clk 1:29:05]}
9. e5 {[%clk 1:29:30]} Bg5 {[%clk 1:29:17]} 10. Rc2 {[%clk 1:25:57]} Bh6
{[%clk 1:28:35]} 11. h4 {[%clk 1:05:36]} Rd8 {[%clk 1:25:23]} 12. h5
{[%clk 1:04:17]} Kg7 {[%clk 1:25:46]} 13. hxg6 {[%clk 0:41:46]} hxg6
{[%clk 1:25:51]} 14. Bc4 {[%clk 0:38:11]} Bf5 {[%clk 1:22:08]} 15. Bd3
{[%clk 0:35:52]} Qxd4 {[%clk 1:18:11]} 16. Bxf5 {[%clk 0:36:13]} Qxd1+
{[%clk 1:14:37]} 17. Nxd1 {[%clk 0:36:16]} gxf5 {[%clk 1:14:26]} 18. Rc3
{[%clk 0:36:24]} Bf4 {[%clk 1:11:54]} 19. Rch3 {[%clk 0:33:02]} Nd7
{[%clk 1:02:55]} 20. e6 {[%clk 0:18:14]} fxe6 {[%clk 0:58:02]} 21. Ne2
{[%clk 0:17:35]} Be5 {[%clk 0:55:23]} 22. dxe6 {[%clk 0:16:19]} Nc5
{[%clk 0:51:42]} 23. Ne3 {[%clk 0:15:01]} Nxe6 {[%clk 0:39:01]} 24. Nxf5+
{[%clk 0:13:43]} Kf7 {[%clk 0:34:43]} 25. Re3 {[%clk 0:10:26]} Rd5
{[%clk 0:31:24]} 26. Nh6+ {[%clk 0:08:19]} Ke8 {[%clk 0:30:49]} 27. Ng4
{[%clk 0:08:14]} Rad8 {[%clk 0:31:02]} 28. O-O {[%clk 0:08:36]} Rd1
{[%clk 0:22:19]} 29. g3 {[%clk 0:08:59]} Bxb2 {[%clk 0:22:44]} 30. Rxe6
{[%clk 0:08:52]} c5 {[%clk 0:21:21]} 31. Ne3 {[%clk 0:08:22]} Rxf1+
{[%clk 0:21:42]} 32. Kxf1 {[%clk 0:08:49]} Kd7 {[%clk 0:21:05]} 33. Nf4
{[%clk 0:07:55]} Rf8 {[%clk 0:20:43]} 34. Ned5 {[%clk 0:06:52]} Rf7
{[%clk 0:21:05]} 35. Re4 {[%clk 0:06:00]} Kd6 {[%clk 0:19:57]} 36. Re6+
{[%clk 0:05:28]} Kd7 {[%clk 0:20:25]} 37. Ke2 {[%clk 0:05:08]} Bd4
{[%clk 0:20:46]} 38. g4 {[%clk 0:03:25]} Rg7 {[%clk 0:18:02]} 39. g5
{[%clk 0:02:56]} c4 {[%clk 0:17:39]} 40. g6 {[%clk 0:02:45]} b5 {[%clk 0:18:04]}
41. Ra6 {[%clk 0:02:44]} Rg8 {[%clk 0:14:56]} 42. Ne6 {[%clk 0:01:50]} Bb2
{[%clk 0:13:35]} 43. Nc5+ {[%clk 0:01:28]} Ke8 {[%clk 0:14:02]} 44. Nc7+
{[%clk 0:01:23]} Kd8 {[%clk 0:14:16]} 45. N7e6+ {[%clk 0:01:47]} Kc8
{[%clk 0:14:18]} 46. Rxa7 {[%clk 0:01:59]} 1-0

[Event "20 ans"]
[Site "?"]
[Date "2016.10.22"]
[Round "6.8"]
[White "Donchenko, Alexander"]
[Black "Piscopo, Pierluigi"]
[Result "1/2-1/2"]
[BlackElo "2405"]
[WhiteElo "2581"]
[LiveChessVersion "1.4.6"]

1. Nf3 {[%clk 1:30:58]} Nf6 {[%clk 1:30:35]} 2. c4 {[%clk 1:31:10]} g6
{[%clk 1:30:55]} 3. g3 {[%clk 1:31:02]} Bg7 {[%clk 1:31:18]} 4. Bg2
{[%clk 1:31:10]} O-O {[%clk 1:31:36]} 5. d4 {[%clk 1:31:26]} d6 {[%clk 1:29:35]}
6. Nc3 {[%clk 1:31:40]} c5 {[%clk 1:29:50]} 7. O-O {[%clk 1:29:33]} Nc6
{[%clk 1:29:46]} 8. b3 {[%clk 1:28:56]} cxd4 {[%clk 1:26:08]} 9. Nxd4
{[%clk 1:29:10]} Nxd4 {[%clk 1:26:18]} 10. Qxd4 {[%clk 1:29:35]} d5
{[%clk 1:12:07]} 11. cxd5 {[%clk 1:17:44]} Nxd5 {[%clk 0:55:34]} 12. Qxd5
{[%clk 1:18:01]} Bxc3 13. Bh6 {[%clk 1:15:25]} Qxd5 {[%clk 0:55:26]} 14. Bxd5
{[%clk 1:15:48]} Rd8 {[%clk 0:55:50]} 15. Rad1 {[%clk 1:12:00]} Bh3
{[%clk 0:54:45]} 16. Bg2 {[%clk 1:12:09]} Bxg2 {[%clk 0:54:58]} 17. Kxg2
{[%clk 1:12:33]} Rac8 {[%clk 0:42:18]} 18. Kf3 {[%clk 1:08:21]} a6
{[%clk 0:35:21]} 19. g4 {[%clk 0:59:32]} Be5 {[%clk 0:34:06]} 20. Rxd8+
{[%clk 0:51:48]} Rxd8 {[%clk 0:34:31]} 21. Ke4 {[%clk 0:52:10]} Bg7
{[%clk 0:29:22]} 22. Be3 {[%clk 0:51:45]} f6 {[%clk 0:21:25]} 23. f4
{[%clk 0:40:56]} e6 {[%clk 0:21:09]} 24. f5 {[%clk 0:40:58]} Kf7 {[%clk 0:20:55]}
25. Bd4 {[%clk 0:40:41]} exf5+ {[%clk 0:18:27]} 26. gxf5 {[%clk 0:41:02]} gxf5+
{[%clk 0:18:56]} 27. Kd3 {[%clk 0:34:17]} Ke6 {[%clk 0:17:40]} 28. Rf3
{[%clk 0:34:05]} Rd7 {[%clk 0:15:57]} 29. Re3+ {[%clk 0:33:59]} Kf7
{[%clk 0:16:07]} 30. Rf3 {[%clk 0:34:20]} Ke6 {[%clk 0:16:30]} 31. Re3+
{[%clk 0:34:44]} Kf7 {[%clk 0:16:54]} 32. Rf3 {[%clk 0:35:06]} Ke6
{[%clk 0:17:21]} 33. Ke4 Ke5+ 1/2-1/2

[Event "20 ans"]
[Site "?"]
[Date "2016.10.22"]
[Round "7.1"]
[White "Deac, Bogdan-Daniel"]
[Black "Korobov, Anton"]
[Result "0-1"]
[BlackElo "2687"]
[WhiteElo "2543"]
[LiveChessVersion "1.4.6"]

1. e4 {[%clk 1:30:58]} c5 {[%clk 1:30:54]} 2. Nf3 {[%clk 1:31:24]} e6
{[%clk 1:31:15]} 3. d4 {[%clk 1:31:52]} cxd4 {[%clk 1:31:31]} 4. Nxd4
{[%clk 1:32:21]} Nc6 {[%clk 1:31:52]} 5. Nc3 {[%clk 1:32:47]} Qc7
{[%clk 1:32:15]} 6. Be3 {[%clk 1:33:13]} Nf6 {[%clk 1:32:13]} 7. f4
{[%clk 1:32:42]} d6 {[%clk 1:31:11]} 8. Qf3 {[%clk 1:31:09]} Be7 {[%clk 1:26:45]}
9. O-O-O {[%clk 1:25:01]} O-O {[%clk 1:25:49]} 10. Ndb5 {[%clk 1:18:24]} Qb8
{[%clk 1:21:53]} 11. h3 {[%clk 1:18:30]} a6 {[%clk 1:17:55]} 12. Nd4
{[%clk 1:18:27]} Nxd4 {[%clk 1:11:38]} 13. Bxd4 b5 {[%clk 1:07:43]} 14. e5
{[%clk 1:18:20]} Bb7 {[%clk 1:02:12]} 15. Qg3 {[%clk 1:18:21]} Nh5
{[%clk 0:59:07]} 16. Qg4 {[%clk 1:13:17]} g6 {[%clk 0:56:18]} 17. Bd3
{[%clk 1:12:11]} dxe5 {[%clk 0:56:14]} 18. fxe5 {[%clk 1:02:52]} Rd8
{[%clk 0:53:46]} 19. Ne2 {[%clk 1:02:36]} Qc7 {[%clk 0:52:24]} 20. Rhf1
{[%clk 0:57:34]} Rac8 {[%clk 0:50:32]} 21. Kb1 {[%clk 0:57:32]} Ng7
{[%clk 0:47:33]} 22. h4 {[%clk 0:41:50]} Bf8 {[%clk 0:38:29]} 23. c3
{[%clk 0:30:40]} b4 {[%clk 0:37:27]} 24. Qh3 {[%clk 0:28:09]} bxc3
{[%clk 0:25:17]} 25. Bxc3 {[%clk 0:28:33]} Qb6 {[%clk 0:21:52]} 26. Ka1
{[%clk 0:28:35]} Bb4 {[%clk 0:18:57]} 27. g4 {[%clk 0:21:37]} Bxc3
{[%clk 0:16:40]} 28. Nxc3 {[%clk 0:22:00]} Qa5 {[%clk 0:17:06]} 29. Qh2
{[%clk 0:22:07]} Rc5 {[%clk 0:07:41]} 30. Bb1 {[%clk 0:09:18]} Rxd1
{[%clk 0:06:57]} 31. Rxd1 {[%clk 0:09:44]} h5 {[%clk 0:06:55]} 32. gxh5
{[%clk 0:04:57]} Nxh5 {[%clk 0:07:20]} 33. Rd7 {[%clk 0:04:23]} Bc6
{[%clk 0:06:41]} 34. Rd6 {[%clk 0:04:40]} Be8 {[%clk 0:05:18]} 35. Be4
{[%clk 0:00:44]} Kg7 {[%clk 0:04:09]} 36. Bb1 {[%clk 0:01:04]} Bb5
{[%clk 0:03:16]} 37. Qf2 {[%clk 0:00:59]} Rxc3 {[%clk 0:03:14]} 38. Qd2
{[%clk 0:00:46]} Ra3 {[%clk 0:03:21]} 39. bxa3 {[%clk 0:01:04]} Qxa3
{[%clk 0:03:50]} 40. Rd4 {[%clk 0:00:58]} Ng3 {[%clk 0:03:21]} 41. Rb4
{[%clk 0:00:49]} Nf1 {[%clk 0:02:54]} 42. Qd4 {[%clk 0:00:50]} Qc1
{[%clk 0:02:08]} 43. Rb3 {[%clk 0:00:35]} Nd2 {[%clk 0:01:32]} 44. Rb2
{[%clk 0:00:54]} Nc4 {[%clk 0:01:24]} 45. Rc2 {[%clk 0:01:10]} Qe1
{[%clk 0:01:53]} 46. Qc3 {[%clk 0:00:34]} Qxc3+ {[%clk 0:01:23]} 47. Rxc3
{[%clk 0:00:57]} Nxe5 {[%clk 0:01:52]} 48. Bc2 {[%clk 0:01:06]} f5
{[%clk 0:01:53]} 49. Bb3 {[%clk 0:01:07]} Kf6 {[%clk 0:02:08]} 50. a4
{[%clk 0:01:07]} Bc6 {[%clk 0:02:17]} 51. Kb2 f4 {[%clk 0:01:56]} 52. Kc2
{[%clk 0:01:12]} Kf5 {[%clk 0:01:44]} 53. Kd2 {[%clk 0:01:28]} Nf3+
{[%clk 0:01:39]} 54. Kd3 {[%clk 0:01:03]} Be4+ {[%clk 0:01:52]} 55. Ke2
{[%clk 0:01:27]} Nd4+ {[%clk 0:01:56]} 56. Kf2 {[%clk 0:01:49]} Nxb3
{[%clk 0:01:40]} 57. Rxb3 {[%clk 0:02:13]} e5 {[%clk 0:02:08]} 58. Rb6
{[%clk 0:02:24]} Bd3 {[%clk 0:02:32]} 59. Rd6 {[%clk 0:02:14]} e4
{[%clk 0:03:00]} 60. Kg2 {[%clk 0:02:33]} Bc2 {[%clk 0:01:40]} 61. a5
{[%clk 0:02:51]} e3 {[%clk 0:02:00]} 62. Kf3 {[%clk 0:03:02]} Ke5
{[%clk 0:01:45]} 63. Rd8 {[%clk 0:03:11]} Ba4 {[%clk 0:01:32]} 64. Rb8
{[%clk 0:00:45]} Bd1+ {[%clk 0:01:31]} 65. Kg2 {[%clk 0:01:06]} f3+
{[%clk 0:01:53]} 0-1

[Event "20 ans"]
[Site "?"]
[Date "2016.10.22"]
[Round "7.2"]
[White "Gledura, Benjamin"]
[Black "Moiseenko, Alexander"]
[Result "1/2-1/2"]
[BlackElo "2648"]
[WhiteElo "2585"]
[LiveChessVersion "1.4.6"]

1. Nf3 {[%clk 1:30:56]} Nf6 {[%clk 1:30:40]} 2. c4 {[%clk 1:30:55]} e6
{[%clk 1:31:03]} 3. g3 {[%clk 1:31:20]} d5 {[%clk 1:31:28]} 4. d4
{[%clk 1:31:33]} dxc4 {[%clk 1:31:11]} 5. Bg2 {[%clk 1:31:56]} Bd7
{[%clk 1:31:04]} 6. Ne5 {[%clk 1:31:42]} Bc6 {[%clk 1:31:23]} 7. Nxc6
{[%clk 1:31:45]} Nxc6 {[%clk 1:31:48]} 8. O-O {[%clk 1:31:30]} Qd7
{[%clk 1:30:21]} 9. e3 {[%clk 1:30:38]} O-O-O {[%clk 1:30:29]} 10. Qa4
{[%clk 1:29:23]} Nd5 {[%clk 1:30:02]} 11. Qxc4 {[%clk 1:29:26]} h5
{[%clk 1:29:55]} 12. Bd2 {[%clk 1:28:39]} h4 {[%clk 1:29:59]} 13. b4
{[%clk 1:28:31]} hxg3 {[%clk 1:25:28]} 14. hxg3 {[%clk 1:27:27]} f5
{[%clk 1:17:06]} 15. b5 {[%clk 1:19:18]} Nce7 {[%clk 1:15:06]} 16. a4
{[%clk 1:13:42]} g5 {[%clk 1:13:45]} 17. a5 {[%clk 1:12:06]} Kb8 {[%clk 1:11:44]}
18. Rc1 {[%clk 1:06:07]} Nc8 {[%clk 0:54:50]} 19. Nc3 {[%clk 0:59:48]} f4
{[%clk 0:38:33]} 20. exf4 {[%clk 0:45:42]} gxf4 {[%clk 0:35:07]} 21. b6
{[%clk 0:45:17]} cxb6 {[%clk 0:33:51]} 22. Nxd5 {[%clk 0:44:52]} exd5
{[%clk 0:34:08]} 23. Bxf4+ {[%clk 0:44:02]} Bd6 {[%clk 0:34:24]} 24. Bxd6+
{[%clk 0:43:42]} Qxd6 {[%clk 0:34:31]} 25. Qa2 {[%clk 0:43:23]} a6
{[%clk 0:32:51]} 26. axb6 {[%clk 0:36:43]} Nxb6 {[%clk 0:33:13]} 27. Rab1
{[%clk 0:35:47]} Rc8 {[%clk 0:31:08]} 28. Qb3 {[%clk 0:32:09]} Rxc1+
{[%clk 0:29:44]} 29. Rxc1 {[%clk 0:32:38]} Ka7 {[%clk 0:30:00]} 30. Qe3
{[%clk 0:29:33]} Rh7 {[%clk 0:25:47]} 31. Qe5 {[%clk 0:24:45]} Qa3
{[%clk 0:24:24]} 32. Re1 {[%clk 0:24:08]} Qc3 {[%clk 0:23:28]} 33. Rb1
{[%clk 0:22:32]} Qc2 {[%clk 0:21:42]} 34. Re1 {[%clk 0:22:28]} Qc3
{[%clk 0:18:18]} 35. Rb1 {[%clk 0:22:41]} Qc2 {[%clk 0:18:25]} 36. Re1
{[%clk 0:22:38]} Qc3 {[%clk 0:18:16]} 1/2-1/2

[Event "20 ans"]
[Site "?"]
[Date "2016.10.22"]
[Round "7.3"]
[White "Gharamian, Tigran"]
[Black "Andriasian, Zaven"]
[Result "1/2-1/2"]
[BlackElo "2622"]
[WhiteElo "2626"]
[LiveChessVersion "1.4.6"]

1. e4 {[%clk 1:30:28]} e5 {[%clk 1:29:48]} 2. Nf3 {[%clk 1:30:22]} Nc6
{[%clk 1:30:07]} 3. Bb5 {[%clk 1:29:18]} Nf6 {[%clk 1:28:47]} 4. O-O
{[%clk 1:27:42]} Nxe4 {[%clk 1:28:01]} 5. d4 {[%clk 1:27:51]} Nd6
{[%clk 1:27:34]} 6. Bxc6 {[%clk 1:27:31]} dxc6 {[%clk 1:27:56]} 7. dxe5
{[%clk 1:27:50]} Nf5 {[%clk 1:28:15]} 8. Qxd8+ {[%clk 1:28:05]} Kxd8
{[%clk 1:28:42]} 9. Nc3 {[%clk 1:23:26]} Ke8 {[%clk 1:25:07]} 10. h3
{[%clk 1:20:19]} h5 {[%clk 1:22:07]} 11. Bf4 {[%clk 1:17:29]} Be6
{[%clk 1:19:10]} 12. Rad1 {[%clk 1:15:52]} Be7 {[%clk 1:17:45]} 13. Ng5
{[%clk 1:09:37]} Rh6 {[%clk 1:14:13]} 14. g3 {[%clk 1:08:28]} Bxg5
{[%clk 1:12:52]} 15. Bxg5 {[%clk 1:08:41]} Rg6 {[%clk 1:12:54]} 16. Bf4
{[%clk 1:05:47]} Nh4 {[%clk 1:13:05]} 17. Kh2 {[%clk 1:04:19]} Nf3+
{[%clk 1:13:24]} 18. Kg2 {[%clk 1:04:36]} Nh4+ {[%clk 1:13:48]} 19. Kh2
{[%clk 1:04:21]} Nf3+ {[%clk 1:14:09]} 20. Kg2 {[%clk 1:04:43]} Nh4+
{[%clk 1:14:30]} 1/2-1/2